LIBRARY & INFORMATION CENTRE, KCAET, TAVANUR

ONLINE PUBLIC ACCESS CATALOGUE (OPAC)

Elements of Agricultural engineering (Record no. 14801)

MARC details
000 -LEADER
fixed length control field 00352cam a2200145ua 4500
020 ## - INTERNATIONAL STANDARD BOOK NUMBER
ISBN 9788180142048
082 ## - DEWEY DECIMAL CLASSIFICATION NUMBER
Classification number 630
Item number SAH/EL
100 ## - MAIN ENTRY--AUTHOR NAME
Personal name Sahay, Jagdishwar.
245 ## - TITLE STATEMENT
Title Elements of Agricultural engineering
250 ## - EDITION STATEMENT
Edition statement 5
260 ## - PUBLICATION, DISTRIBUTION, ETC. (IMPRINT)
Place of publication New Delhi
Name of publisher Standard Book House
Year of publication 2016
300 ## - PHYSICAL DESCRIPTION
Number of Pages 542p
650 ## - SUBJECT ADDED ENTRY--TOPICAL TERM
Topical Term Agriculture
942 ## - ADDED ENTRY ELEMENTS (KOHA)
Koha item type Books
Holdings
Withdrawn status Lost status Damaged status Home library Current library Shelving location Date acquired Cost, normal purchase price Full call number Accession Number Koha item type
      KAUAET KAUAET Scheme 28/03/2017 200.00 630 SAH/EL BB 458 Book Bank scheme for SC students
      KAUAET KAUAET Scheme 28/03/2017 200.00 630 SAH/EL BB 459 Book Bank scheme for SC students
free website counter